000 004890000a22001810004500
041 0 _aSPA
082 0 4 _aG 238.4 L9731c
100 1 _aLutero, Martín (1483-1546)
245 1 0 _aCatecismo Mayor / Martín Lutero
260 _aBuenos Aires, Argentina : La Aurora
300 _a179 Pag
650 1 4 _aIGLESIA LUTERANA - CATECISMOS Y CREDOS
001 4634
942 _cBK
999 _c35204
_d35204
336 _atexto
_btxt
_2rdacontent
337 _2rdamedia
_asin mediación
_bn
338 _2rdacarrier
_avolumen
_bnc